Les pays qui possèdent 0 site classé à l'UNESCO - Statistiques

Statistiques générales
  • Ce quiz a été pris 51 fois
  • Le résultat moyen est 8 sur 18
Statistiques - réponses
Contient Pays % Correct
Afrique Eswatini
58%
Afrique Djibouti
56%
Afrique Sao Tome et Principe
56%
Afrique Burundi
49%
Afrique Guinée
49%
Afrique Soudan du Sud
47%
Afrique Somalie
44%
Asie Timor Oriental
44%
Afrique Sierra Leone
42%
Asie Corée du Nord
40%
Afrique Guinée-equatoriale
40%
Asie Koweït
40%
Europe Kosovo
37%
Afrique Liberia
35%
Asie Taïwan
35%
Amérique Trinité et Tobago
33%
Asie Bhoutan
30%
Amérique Guyana
28%
Aucun quiz correspondant
Distribution des résultats
% des personnes avec chaque résultat
Percentile par nombre de réponses
Votre historique - résultats
Vous n’avez pas pris ce quiz